Problémy na finančných trhoch a ich dôsledky diplomová práca

Gespeichert in:
Bibliographische Detailangaben
1. Verfasser: Araňošová, Adriána
Körperschaft: Podnikovohospodárska fakulta EU so sídlom v Košiciach. Katedra ekonómie
Weitere Verfasser: Baumöhl, Eduard, 1982-
Format: Buch
Sprache:Slowakisch
Veröffentlicht: Košice 2010
Tags: Tag hinzufügen
Keine Tags, Fügen Sie das erste Tag hinzu!

MARC

LEADER 00000nam$a2200000$$$4500
001 0123444
005 20240827092908.4
041 0 |a slo 
044 |a SK 
245 1 0 |a Problémy na finančných trhoch a ich dôsledky  |b diplomová práca  |c Adriána Araňošová ; škol. Eduard Baumöhl 
264 1 |a Košice  |c 2010 
300 |a 59 s. 
100 1 |a Araňošová, Adriána 
700 1 |a Baumöhl, Eduard, 1982- 
710 2 |a Podnikovohospodárska fakulta EU so sídlom v Košiciach. Katedra ekonómie